000 00189 a2200097 4500
020 _a8433910353
041 _aspa
100 _aMartin Gaite, Carmen
245 _aLO raro es vivir
942 _cBK
999 _c8731
_d8731